000 00402nam a2200157Ia 4500
008 230524s9999 xx 000 0 und d
082 _a5.133
_bHEI
100 _aG.L.Heineman
245 0 _a"Data Structures, Algorithms and Object Oriented Programming"
250 _a1ST
260 _aNEW DELHI
_bTMH
_c2002
300 _aXII;439
500 _aQuantity Number: 2
650 _aComp-Sc
942 _cBK
999 _c33210
_d33210